| 000 | 00840nam a2200241 a 4500 | ||
|---|---|---|---|
| 005 | 20210223130551.0 | ||
| 008 | 080729s1982 mx r 000 0 spa d | ||
| 035 | _aUPN01000158452 | ||
| 049 | _aUNE | ||
| 080 | _a372.32 =20 HEN No.107. | ||
| 100 | 1 | _aHeneveld, Ward | |
| 245 | 1 | 0 |
_aInternational dimensions of early chilhood education : _ba brief survey of current knowledge and some programmes in operation / _cby Ward Heneveld. |
| 260 |
_aParís : _bUNESCO ; _aNew York : _bUNICEF ; _c1982. |
||
| 300 | _a8 p. | ||
| 440 | 0 |
_aNotes, Comments... ; _v107. |
|
| 500 | _aIncluye bibliografía. | ||
| 690 | _aEducación preescolar - Primera infancia | ||
| 690 | _aDesarrollo del niño - Educación preescolar | ||
| 710 | 2 | _aUNESCO | |
| 710 | 2 |
_aUNICEF _924085 |
|
| 710 | 2 |
_aWFP. _bPrograma de Alimentación Mundial. |
|
| 905 | _aUNESCO | ||
| 999 |
_c130566 _d130566 |
||